000 00902cam a2200253 4500
001 WS121829
008 030331n 000 0 eng u
035 _a(Sirsi) u121829
245 _aCanada Real Estate Directory
520 _aWeb site for this portal which is designed to be a one-stop destination for anything related to Canadian real estate. Includes sections on appraisals, housing, commercial property and construction.
650 _aINTERNATIONAL
650 _aCANADA
650 _aAGENCY
650 _aAPPRAISAL
650 _aPROPERTY-COMMERCIAL PROPERTY
650 _aValuation
_96273
650 _aFINANCE
650 _aBUILT ENVIRONMENT
650 _aHOUSING
650 _aInsurance
_96249
650 _aProperty management
_96262
856 4 0 _uhttps://www.canadarealestatedirectory.com
_zView the website free of charge at www.canadarealestatedirectory.com...
942 _n0
999 _c120248
_d120248